Beyond AI: (Record no. 31644)
[ view plain ]
| 000 -LEADER | |
|---|---|
| fixed length control field | 00415nam a2200157Ia 4500 |
| 008 - FIXED-LENGTH DATA ELEMENTS--GENERAL INFORMATION | |
| fixed length control field | 250916s9999 xx 000 0 und d |
| 020 ## - INTERNATIONAL STANDARD BOOK NUMBER | |
| International Standard Book Number | 978-3-031-45281-9 |
| 082 ## - DEWEY DECIMAL CLASSIFICATION NUMBER | |
| Classification number | 006.3 HUA |
| 100 ## - MAIN ENTRY--PERSONAL NAME | |
| Personal name | Huang, Ken |
| 245 #0 - TITLE STATEMENT | |
| Title | Beyond AI: |
| Remainder of title | chatgpt, web3, and the business landscape of tomorrow |
| 250 ## - EDITION STATEMENT | |
| Edition statement | 1st |
| 260 ## - PUBLICATION, DISTRIBUTION, ETC. | |
| Place of publication, distribution, etc. | New York: |
| Name of publisher, distributor, etc. | Springer, |
| Date of publication, distribution, etc. | 2023 |
| 300 ## - PHYSICAL DESCRIPTION | |
| Extent | 395 p. |
| 600 ## - SUBJECT ADDED ENTRY--PERSONAL NAME | |
| Personal name | Computer Science |
| 942 ## - ADDED ENTRY ELEMENTS (KOHA) | |
| Koha item type | Books |
| Withdrawn status | Lost status | Damaged status | Not for loan | Collection | Home library | Current library | Date acquired | Source of acquisition | Cost, normal purchase price | Total checkouts | Full call number | Barcode | Date last seen | Date last checked out | Cost, replacement price | Price effective from | Koha item type |
|---|---|---|---|---|---|---|---|---|---|---|---|---|---|---|---|---|---|
| Computer Science | UITU Library | UITU Library | 08/07/2025 | Golden Books | 24256.26 | 1 | 006.3 HUA | Q16019 | 11/03/2025 | 10/31/2025 | 30320.33 | 09/16/2025 | Books |

